Famous German Footballers by Picture - Statistics

General Stats
  • This quiz has been taken 696 times
  • The average score is 22 of 25
Answer Stats
Picture Answer % Correct
Gerd Müller
99%
Manuel Neuer
99%
Thomas Müller
99%
Toni Kroos
98%
Mesut Özil
97%
Antonio Rüdiger
93%
İlkay Gündoğan
91%
Oliver Kahn
91%
Philipp Lahm
91%
Franz Beckenbauer
90%
Jamal Musiala
90%
Miroslav Klose
90%
Joshua Kimmich
89%
Marco Reus
89%
Mario Götze
88%
Mats Hummels
86%
Bastian Schweinsteiger
85%
Marc-André ter Stegen
85%
Jérôme Boateng
84%
Michael Ballack
83%
Lothar Matthäus
81%
Lukas Podolski
70%
Mario Gomez
70%
Rudi Völler
67%
Jürgen Klinsmann
50%
No matching quizzes found
Score Distribution
Percent of People with Each Score
Percentile by Number Answered
Your Score History
You have not taken this quiz